| 000 | 01058pam a2200313 a 4500 | ||
|---|---|---|---|
| 999 |
_c532959 _d532959 |
||
| 001 | 4770111 | ||
| 003 | NUST | ||
| 005 | 20191209122745.0 | ||
| 008 | 860716s1987 njuaf b 001 0 eng | ||
| 010 | _a 86018652 | ||
| 020 | _a0133356132 | ||
| 038 | _aMSOHAIL | ||
| 040 |
_aDLC _cDLC _dDLC |
||
| 050 | 0 | 0 |
_aTH435 _b.C72 1987 |
| 082 | 0 | 0 |
_a692.5 _219 |
| 100 | 1 |
_aCollier, Keith, _d1927- _926600 |
|
| 245 | 1 | 0 |
_aFundamentals of construction estimating and cost accounting : _bwith computer applications / _cKeith Collier. |
| 250 | _a2nd ed. | ||
| 260 |
_aEnglewood Cliffs, NJ : _bPrentice-Hall, _cc1987. |
||
| 300 |
_axv, 298 p., [33] p. of plates : _bill. ; _c29 cm. |
||
| 500 | _aIncludes index. | ||
| 504 | _aBibliography: p. 285-286. | ||
| 650 | 0 |
_aBuilding _xEstimates. _97436 |
|
| 650 | 0 |
_aConstruction industry _xAccounting. _926601 |
|
| 650 | 0 |
_aBuilding _xEstimates _xData processing. _926602 |
|
| 650 | 0 |
_aConstruction industry _xAccounting _xData processing. _926603 |
|
| 906 |
_a7 _bcbc _corignew _d1 _eocip _f19 _gy-gencatlg |
||
| 942 |
_2ddc _cBK |
||